Megacity, Capital, Both or Neither? #1 - Statistics

General Stats
  • This quiz has been taken 1,298 times
  • The average score is 11 of 15
Answer Stats
Question Answer % Correct
Cairo Both
92%
Jerusalem Capital
90%
Rio de Janeiro Megacity
87%
Istanbul Megacity
87%
Buenos Aires Both
85%
Lagos Megacity
78%
Lahore Megacity
76%
Lima Both
74%
Berlin Capital
72%
Singapore Capital
63%
Johannesburg Megacity
63%
Sydney Neither
59%
Chicago Neither
50%
Kuala Lumpur Capital
46%
Dar es Salaam Neither
42%
No matching quizzes found
Score Distribution
Percent of People with Each Score
Percentile by Number Answered
Your Score History
You have not taken this quiz